000 00634nam a2200217Ia 4500
003 OSt
005 20220927104350.0
006 a|||||r|||| 00| 0
007 ta
008 220926b |||||||| |||| 00| 0 eng d
024 _a147460
037 _cReference Collections
040 _aRTL
_cRTL
_beng
041 _2eng
_aeng
082 _a"X9(NK).247.N38t4, GD"
110 _aJammu & Kashmir
_9365245
245 0 _aReport on eco. survey of silverware industry in Ka
700 _aJammu & Kashmir
_9365246
942 _h"X9(NK).247.N38t4, GD"
_cCC
999 _c686951
_d686951